Name all of Taylor Swift's albums by year - Statistics

General Stats
  • This quiz has been taken 22 times
  • The average score is 14 of 16
Answer Stats
Hint Answer % Correct
2008 Fearless
100%
2012 Red
100%
2010 Speak Now
100%
2006 Taylor Swift
100%
2014 1989
95%
2020 Evermore
95%
2020 Folklore
95%
2019 Lover
95%
2022 Midnights
95%
2017 Reputation
95%
2023 1989(Taylor's Version)
85%
2021 Fearless(Taylor's Version)
85%
2021 Red(Taylor's Version)
85%
2023 Speak Now(Taylor's Version)
85%
2024 The Tortured Poets Department
80%
2024 The Tortured Poets Department: The Anthology
50%
No matching quizzes found
Score Distribution
Percent of People with Each Score
Percentile by Number Answered
Your Score History
You have not taken this quiz